|
|
|
|
| LEADER |
00000nam a22000007a 4500 |
| 005 |
20160302105155.0 |
| 007 |
cr|||| ||u| |
| 008 |
160302s2015 bl ||||| |||| 00||0 por d |
| 020 |
|
|
|a 978-85-8183-043-8
|
| 035 |
|
|
|a 13079
|
| 040 |
|
|
|a vLex
|
| 090 |
|
|
|c 5939
|d 5939
|
| 100 |
1 |
|
|a Carnelutti, Francesco
|
| 245 |
1 |
0 |
|a O problema da pena
|h [Recurso electrn̤ico] /
|c Francesco Carnelutti
|
| 256 |
|
|
|a Servicio en ln̕ea
|
| 260 |
|
|
|a Brasil
|b Pillares
|c 2015
|
| 300 |
|
|
|a 1 recurso electrn̤ico
|
| 500 |
|
|
|a Nesta redaȯ̂, daremos, por conta de sua apresentaȯ̂, uma especial atenȯ̂ ̉sua obra Il Problema della Pena, traduzindo para o nosso vernc̀ulo: O Problema da Pena. O liƠvro foi publicado e estreou para o af ̂dos estuƠdiosos da cin̊cia jurd̕ica no ano de 1945. Nesta obra, Carnelutti j ̀inicia alertanƠdo sobre a necessidade de um estudo mais dissecado da pena como sanȯ̂: “Sabemos hoje muitas coisas em relaȯ̂ ao delito; mas muitas menos em relaȯ̂ ̉pena; e o pouco que se sabe dela ̌mais do lado do corpo que do lado do espr̕ito. É hora de procurar reagir contra esse abandono”. A obra “O Problema da Pena” traz essas e outras liė̳s e nos ensina de forma perempƠtr̤ia que a pena como objetivo de desenvolƠvimento de uma sociedade nô comporta que da “vida de um homem nenhum outro, qualƠquer que seja a sua autoridade e qualquer que seja a sua razô, [tem o direito de] dispor sem usurpar o poder de Deus”.
|
| 506 |
1 |
|
|a Contenido solo disponible en los productos indicados
|d vLex Global
|d vLex Global (Academic Edition, excluding Law Schools)
|d vLex Global (U.S. Academic Edition, Law Schools)
|d vLex Global (U.S. Academic Edition, excluding Law Schools)
|d vLex Global (Academic Edition, Law Schools)
|
| 650 |
0 |
4 |
|a Derecho
|z Brasil
|
| 740 |
0 |
|
|a vLex libros (servicio en ln̕ea)
|
| 856 |
4 |
0 |
|u http://vlex.com/source/problema-da-pena-13079
|z Acceso restringido
|
| 942 |
|
|
|c BOOK
|
| 999 |
0 |
|
|a Law
|